000 00945nam a2200265Ia 4500
003 OSt
005 20220923225214.0
006 a|||||r|||| 00| 0
007 ta
008 Pun
020 _c300
024 _a260,323
037 _b545, 02/12/2011, H.K. Prakashan
_cTextual
040 _aARTS
_cARTS
_bPun
041 _2Pun
_aPun
082 _aO157,1M61x, 153Q0.1
100 _aਟੈਗੋਰ, ਰਬਿੰਦਰ ਨਾਥ; ਮੋਹਨ ਸਿੰਘ, ਥਦ.
_9168497
245 0 _aਚੋਣਵੀ੍ਵ ਕਵਿਤਾ
260 _aਲੁਧਿਆਣਾ
_b ਪੰਜਾਬੀ ਸਾਹਿਤ ਅਕਾਦਮੀ
_c2010
300 _a180ਪੰ
_ccm.
490 _aN?r'o ouBktbh
650 _aਬੰਗਾਲੀ ਸਾਹਿਤ
942 _hO157,1M61x, 153Q0.1
_cTEXL
_2CC
999 _c376737
_d376737